000 00643ngm a2200289 a 4500
003 OSt
005 20251020182700.0
008 240217s9999 xx 000 0 und d
040 _aPE SENCICO BE
040 _cPE SENCICO BE
041 _aspa
082 _aJ018
245 0 _aSIG y su aplicación en catastro /
245 0 _cSystem Arq.
260 _aArequipa
260 _bSystem Arq.
260 _c1999
300 _a1 VIDEO
300 _bson., Col.
300 _c43'
490 _aINFORMACION GEOGRAFICA
511 _aRayter Arnao, David
650 _aCATASTRO
650 _aSIG
910 _aila.
942 _cVID
_2ddc
999 _c4796
_d4796